00728nam a22002177a 450000500170000001000130001702000230003003500130005303700170006604000120008308200180009510000270011324501020014025000110024226000440025327000430029730000270034050000330036765000470040065000630044720170124110219.0 aA-903301 c750.00a8185470987 aA-903301 bCen Lib/ Ret aDPLbEN a344.0121bCHA aChakraverti, Suranjan  aThe workmen's compensation Act, 1923 :cby Suranjan Chakarverti bas amended by Act 30 of 1995 / a4th ed aAllahabad bThe Law Book Company c1997 bAllahabad aSardar Patel marg e211001 axlii, 1118p.c25cm(Hb) aIncludes appendix and index  aWorkers' compensationxLaw and legislation aWorkers' compensationxLaw and legislation--Trial practice